zpět

Detail výsledku týmu

The Pub Praha 2 PO, Praha

Datum a čas kvízu

26 Celkem bodů Celkový počet nahraných bodů na tomto kvízu bez doplňovacích otázek.
11. Pořadí na kvízu Konečné umístění týmu na tomto kvízu.

Zaznamenané odpovědi

# Otázka Odpověď Body Výsledky
1. Který český politik a lékař če... Bohuslav Svoboda 1
2. Po ulicích jednoho středoslove... Liptovský Mikuláš 1
3. Organizace UNESCO přidala na s... v Berlíně 1
4. Některé provozovny jistého řet... McDonald's 1
5. Pokolikáté zvítězil fenomenáln... popáté (4 a 6 za půl bodu) 0
6. Téma začneme v Evropě. Seřaďte... 1D 2B 3C 4A 1
7. Vůdcem Kuby byl několik deseti... Raúl 0
8. Které z těchto zvířat nežije p... C 0
9. Jak se jmenuje nejlidnatější s... Indonésie, Jakarta 1
10. Jak se jmenuje ostrovní stát,... Vanuatu 0